000 00628nam a2200229Ia 4500
003 OSt
005 20221007070837.0
006 a|||||r|||| 00| 0
007 ta
008 221006b |||||||| |||| 00| 0 eng d
024 _a21,782
037 _cTextual
040 _aFLL
_cFLL
_beng
041 _2eng
_aeng
082 _aZ2:7:27, K5
100 _aChandak Madhusudan Lal
_9687806
245 0 _aTreatise on transfer of cases in India
260 _aIndore
_bThe Lawyers Home India
_c1965
300 _a332,7p
_ccm.
942 _hZ2:7:27, K5
_cTEXL
_2CC
999 _c1141698
_d1141698